Les lieux de production de dentelle en France - Statistiques

Statistiques générales
  • Ce quiz a été pris 18 fois
  • Le résultat moyen est 5 sur 27
Statistiques - réponses
Indice 1 Indice 2 Réponse % Correct
62 C Calais
69%
61 A Alençon
50%
14 B Bayeux
44%
59 L Lille
44%
59 V Valenciennes
38%
14 C Caen
25%
63 L Le Puy
25%
19 T Tulle
25%
61 A Argentan
19%
63 I Issoire
19%
54 L Lunéville
19%
62 A Arras
13%
60 C Chantilly
13%
08 S Sedan
13%
59 B Bailleul
6%
43 B Brioude
6%
59 C Caudry
6%
974 C Cilaos
6%
14 C Courseulles
6%
69 C Craponne
6%
70 L Luxeuil
6%
88 M Mirecourt
6%
63 A Arlanc
0%
30 C Calvisson
0%
43 R Retournac
0%
03 U Urçay
0%
50 V Villedieu-les-Poêles
0%
Aucun quiz correspondant
Distribution des résultats
% des personnes avec chaque résultat
Percentile par nombre de réponses
Votre historique - résultats
Vous n’avez pas pris ce quiz